000 00400nam a2200157Ia 4500
003 Ost
005 20260225132550.0
008 260225s9999||||xx |||||||||||||| ||und||
040 _cfsic
041 _afre
082 _a440
100 _aDanielle et André Cabanis
_eAuteur
245 0 _aIntroduction à l'histoire des idées politiques /
245 0 _cDanielle et André Cabanis
942 _cكتاب
999 _c34083
_d34083